| 000 | 00722nam a2200241Ia 4500 | ||
|---|---|---|---|
| 003 | OSt | ||
| 005 | 20220928123952.0 | ||
| 006 | a|||||r|||| 00| 0 | ||
| 007 | ta | ||
| 008 | 220927b |||||||| |||| 00| 0 eng d | ||
| 024 | _a46696 | ||
| 037 | _cTextual | ||
| 040 |
_aSDCL _cSDCL _beng |
||
| 041 |
_2eng _aeng |
||
| 082 | _aD651:911, P9 | ||
| 100 | _aPoularikas Alexander D | ||
| 245 | 0 | _aDiscrete random signal processing and filtering primer with matlab. | |
| 260 |
_aNew York _b CRC _c2009 |
||
| 300 |
_axv,300p. _ccm. |
||
| 490 | _aThe electrical engineering and applied signal processing series. | ||
| 942 |
_hD651:911, P9 _cTEXL _2CC |
||
| 999 |
_c775754 _d775754 |
||